000 00698cam a2200193 a 4500
020 _a088167964X
040 _cDLC
082 0 0 _a613 NES 1993 A040 Or.
245 0 0 _aFor a better nutrition in the 21st century /
260 _aNew York :
_bNestlé Nutrition Services :
_bRaven Press,
_cc1993.
300 _axiv, 258 p. :
_bill. ;
_c25 cm.
500 _a"The 27th Nestlé Nutrition Workshop, For a Better Nutrition in the 21st Century, was held at Nestlé Research Centre, Lausanne, Switzerland, September 19-21st, 1990"--P. facing t.p.
650 0 _aNutrition
650 2 _aNutrition
700 1 _aLeathwood, Peter.
700 1 _aHorisberger, Marc.
700 1 _aJames, W. P. T.
942 _cEK
999 _c11896
_d11896